| 000 | 00546nam a2200169Ia 4500 | ||
|---|---|---|---|
| 008 | 090711s9999 xx 000 0 und d | ||
| 082 | _b1573 | ||
| 100 | _aसप्रे माधव नी. | ||
| 245 | _aसाक्षात्कार | ||
| 260 |
_bमायबोली प्रकाशन _c1999 |
||
| 300 | _a52 | ||
| 600 | _aसप्रे माधव नी. | ||
| 630 | _aसाक्षात्कार | ||
| 700 | _aसप्रे माधव नी. | ||
| 730 | _aसाक्षात्कार | ||
| 942 | _cBOOK | ||
| 999 |
_c336544 _d336544 |
||